We Were Happy lyrics - Statistics

General Stats
  • This quiz has been taken 91 times
  • The average score is 184 of 249
Answer Stats
Lyrics % Correct
We
100%
we
100%
happy
97%
were
97%
a
91%
I
91%
the
91%
go
89%
You
89%
you
89%
And
86%
and
86%
it
86%
to
86%
when
86%
When
86%
your
86%
baby,
83%
baby
83%
in
83%
me
83%
so
80%
was
80%
be,
77%
on
77%
that
77%
gonna
74%
No
74%
used
74%
all
71%
buy
71%
daddy's
71%
'em
71%
farm
71%
gonna
71%
good
71%
good,
71%
love
71%
my
71%
'bout
69%
could
69%
do
69%
Oh,
69%
Oh
69%
someday
69%
But
66%
'cause
66%
'Cause
66%
for
66%
one
66%
Talkin'
66%
touch
66%
dark
63%
I'm
63%
way
63%
what
63%
had
60%
laughed
60%
night
60%
not
60%
walk
60%
back
57%
back,
57%
Back
57%
are
54%
around
54%
down
54%
marry
54%
now
54%
they
54%
anymore
51%
how
51%
recall
51%
That's
51%
that's
51%
don't
49%
showed
49%
somewhere
49%
up
49%
along
46%
arms
46%
neck
46%
sun
46%
watch
46%
while
46%
deserved
43%
give
43%
hate
43%
snuck
43%
streets
43%
choices,
40%
feel
40%
into
40%
lights
40%
porch
40%
shinin'
40%
tellin'
40%
those
40%
threw
40%
Before
37%
bright
37%
circus
37%
harder,
37%
much
37%
right
37%
voices
37%
water
37%
boats
34%
goodbye's
34%
tears
34%
these
34%
sorta
31%
No matching quizzes found
Score Distribution
Percent of People with Each Score
Percentile by Number Answered
Your Score History
You have not taken this quiz